Dialogues - Le Corniaud - Statistiques

Statistiques générales
  • Ce quiz a été pris 37 fois
  • Le résultat moyen est 7 sur 15
Statistiques - réponses
Hint Réponse % Correct
"Qu'est-ce que je vais devenir moi? Eh bien... un _____ !" Piéton
88%
"Me fais pas marrer, j'ai les _____ gercées. Patate va!" Lèvres
85%
"Vous m'avez été tout de suite _____. Et j'ai eu une petite idée qui va tout arranger." Sympathique
70%
"T'as voulu me foutre dans le bain. Mais je sais _____". Nager
64%
"Le _____. Le plus gros diamant du monde, il est là!" Youkounkoun
64%
"Ah, elle va marcher beaucoup moins bien, _____ !" Forcément
61%
"Mr. _____! Mais qu'est-ce que vous faîtes là? Je suis bien content de vous revoir." Saroyan
58%
"Je brûlerais mon _____ si mon _____ connaissait mon plan". Manteau
39%
"Vous êtes très amoureuse de votre fiancé? Les français sont _____. Moins que votre soleil romain." Indiscrets
27%
"Ah! Le _____! Saligot va! Qu'est-ce que tu veux?" Bègue
24%
"Un héros et pas d'_____". Héroïne
24%
"Les caravelles ont toutes les vertues mais pas celle d'_____". Attendre
21%
"C'est, C'est une _____! Regardez maintenant!" Catastrophe
21%
"Le Michelin, la layette. Mais qu'est-ce que c'est que cet _____". Abruti
18%
"On va mettre tous ces _____ dans le même panier". Crabes
18%
Aucun quiz correspondant
Distribution des résultats
% des personnes avec chaque résultat
Percentile par nombre de réponses
Votre historique - résultats
Vous n’avez pas pris ce quiz